00498nam a2200145Ia 4500003000900000008004100009020002600050040001600076100002100092245005100113260003200164300002000196490003300216856010300249IN-BaIIA211028s9999 xx s 000 0 eng d a9780819400178 (Print) cIIA Library aGolub, Leon, ed. 0aX-Ray Instrumentation in Astronomy IIh[eBook] aWashington, USAbSPIEc1988 aOnline resource aProceedings of SPIE; V. 0982 uhttps://www.spiedigitallibrary.org/conference-proceedings-of-spie/0982yClick Here to Access eBook